000 00769nam1a22002291i 4500
001 rc\50391
005 20260406163035.0
035 _a(NLR Aleph) 005399384
090 _a7259748
_c7259748
100 _a20021216g19929999u |0rusy50 ca
101 0 _arus
102 _aRU
105 _ay |||||||||
200 1 _aИзбранные фантастические произведения
_e[В 10 т.
_eПер. с англ.]
_fАндрэ Нортон
210 _aЗеленоград
_cЗеленогр. кн.
_d1992-
215 _d20
225 1 _aПеременные звезды
700 1 _8rus
_7ca
_aНортон
_bЭ.
_f1912-2005
_gЭндрю
_3RU\NLR\AUTH\779798
_9119604
801 0 _aRU
_bNLR
_gpsbo
801 1 _aRU
_bELAR
_2rusmarc
852 _aNLR
_j92-3/5136
942 _cBOOK